Elissa. Or The Doom of Zimbabwe

Podrobná bibliografie
Hlavní autor: H. R. Haggard
Shrnutí:Книга находится в премиум-версии платформы «Русский как иностранный».
In Elissa Henry Rider Haggard takes his readers to the Phoenician city in South Central Africa the mysterious ruins of which have been the subject of so much speculation and research in the recent past. A trading town, protected by vast fortifications and adorned with many temples dedicated to the gods of the Sidonians, was built by civilized men in the heart of Africa may not be accurately known, but there is ample room for speculation as to the life of the ancient city, and in this romance the author has tried to picture incidents such as might have accompanied the first extinction of Zimbabwe.
Vydáno: Москва, T8RUGRAM, 2018
Témata:
On-line přístup:Перейти к просмотру издания
Médium: MixedMaterials Elektronický zdroj

MARC

LEADER 00000 a2200000 4500
001 RU/ROS-EDU.RU/83476
856 4 |u https://www.ros-edu.ru/book?id=83476  |z Перейти к просмотру издания 
010 |a 978-5-521-06611-7 
100 |a 20180101d2018 |||y0rusy0250  
105 |a y z 000zy 
101 0 |a rus 
102 |a RU 
200 1 |a Elissa. Or The Doom of Zimbabwe  |b Электронный ресурс  |f H. R. Haggard 
700 1 |b H. R.  |a Haggard  |4 070 
330 |a In Elissa Henry Rider Haggard takes his readers to the Phoenician city in South Central Africa the mysterious ruins of which have been the subject of so much speculation and research in the recent past. A trading town, protected by vast fortifications and adorned with many temples dedicated to the gods of the Sidonians, was built by civilized men in the heart of Africa may not be accurately known, but there is ample room for speculation as to the life of the ancient city, and in this romance the author has tried to picture incidents such as might have accompanied the first extinction of Zimbabwe. 
210 |a Москва  |c T8RUGRAM  |d 2018 
610 1 |a художественная литература 
610 1 |a английский язык 
610 1 |a зарубежная проза 
610 1 |a классика 
610 1 |a роман 
675 |a 82 
686 |a 84  |2 rubbk 
300 |a Книга находится в премиум-версии платформы «Русский как иностранный». 
215 |a 203 с.